Two Constributions to Invariant Theory Dissertation

Guardado en:
Detalles Bibliográficos
Autor principal: Feldmüller, Dorothee
Formato: Libro
Lenguaje:inglés
Publicado: Bochum Ruhr-Universität 1988
Edición:1. Aufl.
Etiquetas: Agregar Etiqueta
Sin Etiquetas, Sea el primero en etiquetar este registro!

MARC

LEADER 00000nam a2200000 4500
001 c030406
005 20221219120754.9
041 0 |a eng 
044 |a DE 
245 1 0 |a Two Constributions to Invariant Theory  |b Dissertation  |c Dorothee Feldmüller 
250 |a 1. Aufl. 
264 1 |a Bochum  |b Ruhr-Universität  |c 1988 
300 |a 99 s. 
100 1 |a Feldmüller, Dorothee